00433 2200169 4500245007100000020002200071250001100093100002100104700001100125650002000136005001900156260003400175041001400209084000800223300002300231336000900254 aAyah b : Pemilik Cinta yang SesungguhnyacNikmatus SolikhahText a978-602-6724-06-9 aCet. 1 aNikmatus Solikha aReni S aNovel Indonesia a20230410082844 aTangerangbCahaya Fiksic2017 aIndonesia a813 a196 hlm. :c19 cm. atext